[Event "AUTO-BEG-614"]
[Site "http://www.queenalice.com/game.php?id=1304489"]
[Date "2014.8.28"]
[Round "1"]
[White "FromentPierre"]
[Black "Tho"]
[Result "1-0"]
[WhiteElo "1532"]
[BlackElo "1204"]

1. Nf3 d6 2. d4 Nc6 3. h3 e5 4. dxe5 Be7 5. exd6 Bxd6 6. e3 Nge7 7. Nc3 O-O 8.
Be2 Ng6 9. O-O Na5 10. b3 c6 11. Bb2 Qf6 12. Rb1 Bd7 13. Nb5 Qe6 14. Nxd6 Qe7
15. Nc4 b6 16. Nxa5 bxa5 17. c4 Bf5 18. Rc1 Qd8 19. Qxd8 Raxd8 20. Rcd1 Rb8 21.
Bd3 Bd7 22. Bxg6 hxg6 23. Rxd7 1-0

[Event "AUTO-BEG-614"]
[Site "http://www.queenalice.com/game.php?id=1304490"]
[Date "2014.8.28"]
[Round "1"]
[White "Tho"]
[Black "FromentPierre"]
[Result "0-1"]
[WhiteElo "1161"]
[BlackElo "1395"]

1. e4 e6 2. d3 d5 3. Nf3 dxe4 4. Nc3 exf3 5. Qxf3 Nc6 6. Be2 Nf6 7. O-O Be7 8.
Be3 O-O 9. d4 Nxd4 10. Bxd4 Qxd4 11. Rad1 Qb6 12. Bd3 Qxb2 13. Rb1 Qxc3 14. Rbd1
Qc6 0-1

[Event "LIMA XXII"]
[Site "http://www.queenalice.com/game.php?id=1306571"]
[Date "2014.9.7"]
[Round "-"]
[White "rogeriooliveira"]
[Black "Tho"]
[Result "0-1"]
[WhiteElo "1425"]
[BlackElo "1245"]

1. e4 e5 2. Nf3 d6 3. Nc3 Nf6 4. Bb5+ c6 5. Be2 d5 6. exd5 cxd5 7. Nb5 a6 8. Nc3
e4 9. Ng5 Bd6 10. O-O Qe7 11. d3 Qe5 12. Nf3 exf3 13. gxf3 Qxh2# 0-1

[Event "Challenge"]
[Site "http://www.queenalice.com/game.php?id=1318459"]
[Date "2014.10.28"]
[Round "-"]
[White "gobblemate"]
[Black "Tho"]
[Result "1-0"]
[WhiteElo "1782"]
[BlackElo "1270"]

1. d4 Nf6 2. c4 c6 3. Nc3 d6 4. e4 b6 5. f4 a6 6. Nf3 Bg4 7. Be2 c5 8. O-O Nc6
9. d5 Nb8 10. h3 Qd7 11. hxg4 Nxg4 12. Ng5 e6 13. Bxg4 f6 14. Bxe6 Qe7 15. Qg4
h6 16. Nf7 Rh7 17. Qg6 Nd7 18. Nxd6+ Kd8 19. Nf5 Qe8 20. Bf7 Ne5 21. fxe5 Qxe5
22. Bf4 1-0

[Event "Challenge"]
[Site "http://www.queenalice.com/game.php?id=1318460"]
[Date "2014.10.28"]
[Round "-"]
[White "Tho"]
[Black "gobblemate"]
[Result "0-1"]
[WhiteElo "1270"]
[BlackElo "1769"]

1. e4 c5 2. Nc3 e6 3. Nf3 Nc6 4. d3 g6 5. e5 Bh6 6. Be2 a6 7. Be3 Bxe3 8. fxe3
Qc7 9. d4 Nge7 10. O-O cxd4 11. exd4 O-O 12. Bd3 Rd8 13. Qe1 Nb4 14. Be4 d5 15.
Ng5 dxe4 16. Qd2 Qxe5 17. Ngxe4 Qxd4+ 18. Rf2 Qxd2 19. Nxd2 Nxc2 20. Rc1 Nd4 21.
Nce4 Kg7 22. Nf6 Nd5 23. Nfe4 Ne2+ 24. Rxe2 b5 25. Nd6 Rxd6 26. Rxc8 Rxc8 27.
Re1 Rc2 28. Ne4 Rdc6 0-1

[Event "OS INCLIVEIS"]
[Site "http://www.queenalice.com/game.php?id=1322010"]
[Date "2014.11.13"]
[Round "-"]
[White "adelio"]
[Black "Tho"]
[Result "1-0"]
[WhiteElo "1718"]
[BlackElo "1270"]

1. d4 d5 2. e4 Nf6 3. e5 Ng4 4. Be2 f5 5. h3 Nh6 6. Bxh6 gxh6 7. Bh5+ Kd7 8. Nc3
Rg8 9. e6+ Kxe6 10. Qe2+ Kf6 11. Qe5+ Kg5 12. g4 Bg7 13. Nf3# 1-0

[Event "OS INCLIVEIS"]
[Site "http://www.queenalice.com/game.php?id=1322011"]
[Date "2014.11.13"]
[Round "-"]
[White "Tho"]
[Black "adelio"]
[Result "0-1"]
[WhiteElo "1268"]
[BlackElo "1671"]

1. d4 d5 2. Nf3 c5 3. e3 a6 4. Nc3 e6 5. Bd3 c4 6. Ng5 Qxg5 7. e4 Qxg2 8. Rf1
Qxh2 9. Be3 cxd3 10. cxd3 Qh4 11. Qf3 g6 12. exd5 Bb4 13. Rh1 Qe7 14. a3 Bxc3+
15. bxc3 Nd7 16. Qe4 Ngf6 17. Qe5 Nxe5 18. dxe5 Nxd5 19. Bd2 b5 20. c4 bxc4 21.
dxc4 a5 22. cxd5 exd5 23. a4 Qxe5+ 24. Be3 Qxa1+ 0-1

[Event "Challenge"]
[Site "http://www.queenalice.com/game.php?id=1331007"]
[Date "2014.12.27"]
[Round "-"]
[White "Tho"]
[Black "fenix40rj"]
[Result "0-1"]
[WhiteElo "1340"]
[BlackElo "1490"]

1. d4 d5 2. Nc3 Nc6 3. Nf3 Bf5 4. e3 Nb4 5. Bd3 Bg4 6. h3 Bh5 7. g4 Bg6 8. Ne5
Be4 9. Bxe4 dxe4 10. Nxe4 Qd5 11. f3 e6 12. Nc3 Qa5 13. Bd2 O-O-O 14. Nxf7 Bd6
15. Nxh8 Nh6 16. e4 Rxh8 17. Qe2 Nxc2+ 18. Kf2 Nxd4 19. Qc4 Bc5 20. Be3 Rd8 21.
Rhd1 Qb6 22. Na4 Qd6 23. Nxc5 Qh2+ 24. Kf1 Qh1+ 25. Kf2 Qxf3+ 26. Kg1 Qxe3+ 27.
Kf1 Qf3+ 28. Kg1 Ne2+ 29. Qxe2 Qxe2 30. Rxd8+ Kxd8 31. Rf1 Qe3+ 32. Rf2 Qc1+ 33.
Rf1 Qxc5+ 34. Rf2 Nf7 35. a3 Qc1+ 36. Rf1 Qe3+ 37. Rf2 Ng5 38. h4 Nh3+ 39. Kf1
Qxf2# 0-1